• 首页
  • 本馆介绍
  • 公告通知
  • 最新文献
  • 馆藏检索
  • 电子资源
  • 读者导购
  • 参考咨询
  • 我的图书馆
  • 登录
  • 详细信息显示
  • 放入我的书架
  • 预约/预借图书
  • 作者相关作品
  • 分类相关作品
  • 丛书相关作品
  • 出版社相关作品

书目信息

  • 表格格式
  • 工作单格式
  • 卡片格式
题名:
离婚有方
    
 
作者: 杨晓林 , 贾明军 主编
分册:  
出版信息: 北京   法律出版社  2011
页数: 14,403页
开本: 23cm
丛书名:
单 册:
中图分类: D923.904
科图分类:
主题词: 离婚法--基本知识--中国 , 离婚法
电子资源:
ISBN: 978-7-5118-2630-5
000 01051nam0 22002651 450
001 523
005 20140908085235.35
010    @a978-7-5118-2630-5@dCNY48.00
100    @a20111118d2011 em y0chiy50 ea
101 0  @achi
102    @aCN@b110000
105    @ay z 000yy
106    @ar
200 1  @a离婚有方@ALi Hun You Fang@e专业律师帮您打离婚官司@EZhuan Ye Lu^ Shi Bang Nin Da Li Hun Guan Si@f杨晓林,贾明军主编@FYang Xiao Lin, Jia Ming Jun Zhu Bian
210    @a北京@c法律出版社@d2011
215    @a14,403页@d23cm
330    @a本书从实践角度出发,为读者提供法律知识以及离婚策略技巧。全书分为四编,包括:协议离婚篇;诉讼离婚篇;事实婚姻、无效婚姻、可撤销婚姻、瑕疵婚姻、同居篇;涉外及港、澳、台篇。
517 1  @a专业律师帮您打离婚官司@AZhuan Ye Lv Shi Bang Nin Da Li Hun Guan Si
606 0  @a离婚法@x基本知识@y中国
606 0  @a离婚法
690    @aD923.904@v5
701  0 @a杨晓林@AYang Xiao Lin@c(律师)@4主编
701  0 @a贾明军@AJia Ming Jun@c(律师)@4主编
801  0 @aCN@bTANGWEI@c20140603
905    @b0836877-79@dD923.904@e1214@f3
    
    离婚有方:专业律师帮您打离婚官司/杨晓林,贾明军主编.-北京:法律出版社,2011
    14,403页;23cm
    
    
    ISBN 978-7-5118-2630-5:CNY48.00
    本书从实践角度出发,为读者提供法律知识以及离婚策略技巧。全书分为四编,包括:协议离婚篇;诉讼离婚篇;事实婚姻、无效婚姻、可撤销婚姻、瑕疵婚姻、同居篇;涉外及港、澳、台篇。
●
相关链接 在E读中查询图书 在五车中查询图书 在当当中查询图书 在豆瓣中查询图书


正题名:离婚有方     索取号:D923.904/1214         预约/预借

序号 登录号 条形码 馆藏地/架位号 状态 备注
1 0836877   208368773   第一样本阅览室/ [索取号:D923.904/1214] 在馆    
2 0836878   208368782   第一借阅区/ [索取号:D923.904/1214] 在馆    
3 0836879   208368791   密集书库-史法系/ [索取号:D923.904/1214] 在馆    
唐山师范学院图书馆 欢迎您!
大连网信软件有限公司© 版权所有